La cuestión chileno-peruana breve historia diplomática de las relaciones chileno-peruanas 1819 - 1879 (Registro nro. 61257)

Detalles MARC
000 -ENCABEZADO
Número de control [NR] 00675nam a2200169Ia 4500
008 - DE LONGITUD FIJA DE DATOS DE ELEMENTOS - INFORMACIÓN GENERAL
Elementos de longitud fija [NR] 130821s1919 cl gr spa
040 ## - FUENTE DE CATALOGACION [NR]
Agencia de catalogación original [NR] Co-BoUCM
Idioma de catalogación [NR] spa
041 00 - CODIGO DE IDIOMA [R]
Código de idioma para texto/pista de sonido o título separado [R] Español
100 1# - ASIENTO PRINCIPAL--NOMBRE PERSONAL [NR]
Nombre personal [NR] Calderón Cousiño, Adolfo
245 13 - MENCION DE TITULO [NR]
Título [NR] La cuestión chileno-peruana breve historia diplomática de las relaciones chileno-peruanas 1819 - 1879
Mención de responsabilidad, etc. [NR] Adolfo Calderón Cousiño
260 ## - PUBLICACION, DISTRIBUCION, ETC. (PIE DE IMPRENTA) [R]
Lugar de publicación, distribución, etc. [R] Santiago de Chile (Chile)
Nombre del editor, distribuidor, etc. [R] Emp. Zig-zag
Fecha de publicación, distribución, etc. [R] 1919
300 ## - DESCRIPCION FISICA [R]
Extensión [R] 197 páginas
651 #7 - ASIENTO SECUNDARIO DE MATERIA - NOMBRE GEOGRAFICO [R]
Nombre geográfico [NR] Chile
Geographic name following place entry element [OBSOLETE] Relaciones internacionales
Subdivisión geográfica [R] Perú
9 (RLIN) 26603
651 #7 - ASIENTO SECUNDARIO DE MATERIA - NOMBRE GEOGRAFICO [R]
Nombre geográfico [NR] Perú
Geographic name following place entry element [OBSOLETE] Relaciones internacionales
Subdivisión geográfica [R] Chile
9 (RLIN) 26683
942 ## - ELEMENTOS DE ENTRADA AGREGADOS (KOHA)
Tipo de ítem principal el descrito en 300a Libro
Tema principal Ciencia política
Edición 1
Parte restante de la signatura top. C15b
Sistema de clasificación DEWEY
Clasificación 327.8300985
Existencias
Total préstamos Signatura topográfica Código de barras Última vez visto Ejemplar Price effective from Tipo de ítem Perdido Sistema de clasificación Dañado No prestable Tipo de ítem específico Suprimido Ubicación habitual Ubicación actual Localización Fecha de creación Forma de adquisición Costo
  327.8300985 C15b 3000071 15/12/2012 Ej.1 03/02/2013 Libro   DEWEY     Libro     Bib. Cavelier Acavalier 28/02/2013   0.00